Sessao publica da Academia Real das Sciencias de Lisboa em 15 de maio de 1877 (Record no. 7230)

MARC details
000 -LEADER
campo de control de longitud fija 00908nam a2200217 i 4500
001 - NÚMERO DE CONTROL
campo de control 7230
003 - IDENTIFICADOR DE NÚMERO DE CONTROL
campo de control ES-MaACL
005 - FECHA Y HORA DE LA ÚLTIMA TRANSACCIÓN
campo de control 20230906145205.0
007 - CAMPO FIJO DE DESCRIPCIÓN FÍSICA--INFORMACIÓN GENERAL
campo de control de longitud fija t|
008 - DATOS DE LONGITUD FIJA--INFORMACIÓN GENERAL
campo de control de longitud fija 901025s1877 po ||||1| por d
080 ## - NÚMERO DE LA CLASIFICACIÓN DECIMAL UNIVERSAL
Número de la Clasificación Decimal Universal 061.12(469.411)A.R.S.
110 2# - ENTRADA PRINCIPAL--NOMBRE DE ENTIDAD CORPORATIVA
Nombre de entidad corporativa o nombre de jurisdicción como elemento de entrada Academia das Ciências de Lisboa.
9 (RLIN) 1159
245 10 - MENCIÓN DEL TÍTULO
Título Sessao publica da Academia Real das Sciencias de Lisboa em 15 de maio de 1877
Resto del título : ; Allocucao /
Mención de responsabilidad, etc. do Vice-presidente Antonio Augusto de Aguiar ; e Relatorio dos trabalhos da Academia / pelo Secretario Geral Interino Jose Maria Latino Coelho.
260 ## - PUBLICACIÓN, DISTRIBUCIÓN, ETC.
Lugar de publicación, distribución, etc. Lisboa :
Nombre del editor, distribuidor, etc. Typographia da Academia,
Fecha de publicación, distribución, etc. 1877.
300 ## - DESCRIPCIÓN FÍSICA
Extensión XL, 64 p. ;
Dimensiones 22 cm.
610 2# - PUNTO DE ACCESO ADICIONAL DE MATERIA--NOMBRE DE ENTIDAD CORPORATIVA
Nombre de entidad corporativa o nombre de jurisdicción como elemento de entrada Academia das Ciências de Lisboa.
9 (RLIN) 1159
700 1# - ENTRADA AGREGADA--NOMBRE PERSONAL
Nombre de persona Aguiar, Antonio Augusto de.
9 (RLIN) 195383
700 1# - ENTRADA AGREGADA--NOMBRE PERSONAL
Nombre de persona Coelho, José María Latino (
Fechas asociadas al nombre 1825-1891)
9 (RLIN) 126522
852 ## - LOCALIZACIÓN
Ubicación ES-MaACL
Número de control de estantería R-2776(3)
condición física . - Encuadernado con otras obras
Holdings
Estatus retirado Estado de pérdida Estado de daño No para préstamo Colección Biblioteca de origen Biblioteca actual Ubicación en estantería Fecha de adquisición Fuente de adquisición Total de préstamos Signatura topográfica completa Código de barras Visto por última vez Precio de reemplazo Tipo de ítem Koha
        Libros del s. XIX Biblioteca del Ateneo de Madrid Biblioteca del Ateneo de Madrid Depósito 17/01/2008     R-2776(3) 1007373 23/02/2023 23/02/2023 Libro impreso antiguo